| 000 | 02198 a2200253 4500 | ||
|---|---|---|---|
| 003 | Nust | ||
| 005 | 20170207154018.0 | ||
| 010 | _a 2003020242 | ||
| 020 | _a0471463620 (PAPER/WEBSITE) | ||
| 040 | _cNust | ||
| 082 | 0 | 0 | _a005.2762 |
| 245 | 0 | 0 |
_aJava Open Source programming(E-BOOK) _bwith XDoclet, JUnit, WebWork, Hibernate / _cJoe Walnes ... [et al.]. |
| 260 |
_aIndianapolis, Ind. : _bWiley, _cc2004. |
||
| 300 |
_axx, 459 p. : _bill. ; _c24 cm. |
||
| 440 | 0 | _aJava Open Source library | |
| 505 | _aPart One Introduction (Page-1), Chapter 1 Overview of the Book (Page-3), Chapter 2 Application Overview (Page-9), Part Two Building Your Open Source Toolbox (Page-17), Chapter 3 Unit Testing with JUnit (Page-19), Chapter 4 Testing Object Interactions with Mocks (Page-39), Chapter 5 Storing Objects with Hibernate (Page-53), Chapter 6 Model View Controller with WebWork (Page-83), Chapter 7 Simplifying Layout with SiteMesh (Page-127), Chapter 8 Adding Search Capabilities with Lucene (Page-153), Chapter 9 Generating Configuration Files with XDoclet (Page-165), Chapter 10 Communication and Tools (Page-185), Chapter 11 Time-Saving Tools (Page-197), Part Three Developing the Application (Page-219), Chapter 12 Setting Up the Development Environment (Page-221), Chapter 13 Understanding Test Driven Development (Page-239), Chapter 14 Managing Lifecycles and Dependencies of Components (Page-255), Chapter 15 Defining the Domain Model (Page-269), Chapter 16 Creating a Web-Based Interface (Page-309), Chapter 17 Defining Navigation, Layout, Look, and Feel (Page-347), Chapter 18 Implementing Browse and Search Capabilities (Page-363), Chapter 19 Adding a Shopping Cart (Page-405), Chapter 20 Securing the Application (Page-425). | ||
| 650 | 0 | _aJava (Computer program language) | |
| 650 | 0 | _aOpen source software. | |
| 651 | _aJava Open Source programming(E-BOOK) | ||
| 700 | 1 |
_aWalnes, Joe, _d1978- |
|
| 856 | 4 | 2 |
_3Contributor biographical information _uhttp://www.loc.gov/catdir/bios/wiley046/2003020242.html |
| 856 | 4 | 2 |
_3Publisher description _uhttp://www.loc.gov/catdir/description/wiley041/2003020242.html |
| 856 | 4 | 2 |
_3Table of contents _uhttp://www.loc.gov/catdir/toc/ecip048/2003020242.html |
| 942 |
_2ddc _cBK |
||
| 999 |
_c191522 _d191522 |
||